| 000 | 01390nam0a22003011 4500 | ||
|---|---|---|---|
| 001 | v19\rc\1203500 | ||
| 005 | 20060306165943.5 | ||
| 035 | _a(NLR Aleph) 004368469 | ||
| 090 |
_a3466672 _c3466672 |
||
| 100 | _a20060306d1874 |||y0rusy50 ca | ||
| 101 | 1 |
_arus _clat |
|
| 102 | _aRU | ||
| 105 | _ay z ||||a | ||
| 200 | 1 |
_aЖизнеописания лучших вождей чужестранных народов _fС латин. перевел А. Клеванов, нотариус г. Серпухова |
|
| 205 | _a3-е изд. | ||
| 210 |
_aМосква _cбр. Салаевы _d1874 |
||
| 215 |
_aXVI, 231 с. _d22 |
||
| 300 | _aПеред загл.: Корнелия Непота | ||
| 327 | 0 | _aСтр. III-XVI: О жизни и сочинениях Корнелия Непота / А. Клеванов | |
| 464 | 0 |
_12001#$aО жизни и сочинениях Корнелия Непота _1215##$aС. III-XVI _1700#1$aКлеванов$bА. _tО жизни и сочинениях Корнелия Непота _aКлеванов, А. |
|
| 700 | 0 |
_aКорнелий Непот _fок. 99 - ок. 32 до н. э. |
|
| 702 | 1 |
_aКлеванов _bА. С. _f1826-1889 _gАлександр Семенович _4730 _4080 _4212 _4650 |
|
| 801 | 0 |
_aRU _bNLR _gpsbo |
|
| 801 | 1 |
_aRU _bProSoft-M _2rusmarc |
|
| 852 |
_aNLR _j18114.7.49 |
||
| 852 |
_aNLR _j130/1724 |
||
| 942 | _cBOOK | ||
| 980 | _aNB | ||